000 01277nam a2200349 c 4500
001 2839
003 ES-MaCES
005 20141221121627.0
008 970311s1994 sp d ||| | spa d
017 _aM. 8.153-1994
_bDL
020 _a8488050054
035 _aCES19980028617m
040 _aES-MaCES
_bspa
_cES-MaCES
245 0 4 _aLos convenios colectivos en la Comunidad Autónoma de Madrid
_b: estructura y contenido
_c[coord., Luis Fabián Márquez Sánchez ; equipo de trabajo, José Javier Ruiz Beato ... (et al.)]
260 _a[Madrid]
_bCEIM
_cD.L. 1994
300 _a213 p.
_bgráf. bl. y n.
_c28 cm
541 _cGratuito
650 4 _aconvenio colectivo
_928361
650 4 _aextensión del convenio colectivo
_930041
650 4 _acondiciones de empleo
_930040
650 4 _acondiciones de trabajo
_928327
650 4 _anegociación colectiva
_928362
650 4 _aMadrid (Comunidad Autónoma)
_930777
650 4 _aestudio general
_928851
653 1 0 _aRelaciones laborales-Empleo
700 1 _aRuiz Beato, José Javier
_922833
700 1 _aMárquez Sánchez, Luis Fabián
_ecol.
_917613
710 2 _aConfederación Empresarial de Madrid
_eed.
_92243
902 _aLIB Libro
942 _2CES
_cBK
_h2.0.
999 _c2839
_d2839